000 00757nam a2200229 a 4500
001 BRCA_1208
005 20190320203328.0
008 900424s1989 sp-a---##b---f001-0#spa-#
020 _a8476280629
040 _aDLC
_cDLC
_dDLC
050 4 _aML1049
_b.U33 1989
100 1 _aUdaeta, José de
_93967
245 1 0 _aLa castañuela española
_borigen y evolución
_cJosé de Udaeta.
260 _aBarcelona
_bEdiciones del Serbal
_c1989
300 _a127 p.
_bil. (algunas a color)
_c28 cm.
440 0 _aViajes, países, culturas
_v5
_93968
500 _aIncluye índice onomástico e índice de bailes
504 _aBibliografía: p. [125]
650 1 4 _aCastañuelas
_93969
650 1 4 _aMúsica bailable
_xHistoria y crítica
_zEspaña
_93970
942 _2lcc
_cB
999 _c1081
_d1081